Countries with a coastal capital city - Statistics

General Stats
  • This quiz has been taken 38 times
    17 since last reset
  • The average score is 69 of 82
Answer Stats
Answer % Correct
South Africa
100%
Algeria
94%
Argentina
94%
Estonia
94%
Finland
94%
Greece
94%
Haiti
94%
Iceland
94%
Ireland
94%
Jamaica
94%
Kuwait
94%
Morocco
94%
Mozambique
94%
New Zealand
94%
Norway
94%
Oman
94%
Sweden
94%
Angola
88%
Bahrain
88%
Cuba
88%
Ghana
88%
Guyana
88%
Japan
88%
Latvia
88%
Libya
88%
Monaco
88%
Palau
88%
Panama
88%
Peru
88%
Portugal
88%
Qatar
88%
Samoa
88%
Somalia
88%
Suriname
88%
Togo
88%
Tunisia
88%
Uruguay
88%
Vanuatu
88%
Antigua and Barbuda
81%
Barbados
81%
Cape Verde
81%
Denmark
81%
Djibouti
81%
Dominica
81%
Dominican Republic
81%
East Timor
81%
Fiji
81%
Gambia
81%
Guinea
81%
Guinea Bissau
81%
Kiribati
81%
Lebanon
81%
Liberia
81%
Marshall Islands
81%
Mauritania
81%
Nauru
81%
Netherlands
81%
Papua New Guinea
81%
Philippines
81%
Saint Kitts and Nevis
81%
Saint Lucia
81%
Saint Vincent and the Grenadines
81%
Senegal
81%
Seychelles
81%
Solomon Islands
81%
Tonga
81%
Trinidad and Tobago
81%
Tuvalu
81%
United Arab Emirates
81%
Bahamas
75%
Comoros
75%
Equatorial Guinea
75%
Federated States of Micronesia
75%
Gabon
75%
Grenada
75%
Maldives
75%
Mauritius
75%
São Tomé and Principe
75%
Sierra Leone
75%
Singapore
75%
Benin
69%
Malta
69%
No matching quizzes found
Score Distribution
Percent of People with Each Score
Percentile by Number Answered
Your Score History
You have not taken this quiz since the last reset